<?xml version="1.0" encoding="UTF-8"?>
<record
    xmlns:xsi="http://www.w3.org/2001/XMLSchema-instance"
    xsi:schemaLocation="http://www.loc.gov/MARC21/slim http://www.loc.gov/standards/marcxml/schema/MARC21slim.xsd"
    xmlns="http://www.loc.gov/MARC21/slim">

  <leader>00939nam a2200229 i 4500</leader>
  <controlfield tag="001">26476</controlfield>
  <controlfield tag="003">ES-MaACL</controlfield>
  <controlfield tag="005">20230906153441.0</controlfield>
  <controlfield tag="007">t|</controlfield>
  <controlfield tag="008">030109s1945    sp           ||||1| spa d</controlfield>
  <datafield tag="100" ind1="1" ind2=" ">
    <subfield code="a">Aun&#xF3;s P&#xE9;rez, Antonio.</subfield>
    <subfield code="9">23921</subfield>
  </datafield>
  <datafield tag="245" ind1="1" ind2="0">
    <subfield code="a">Importancia de los valores espirituales en la relaci&#xF3;n laboral :</subfield>
    <subfield code="b">conferencia pronunciada en la clausura del curso escolar de 1944-45 /</subfield>
    <subfield code="c">por Antonio Aun&#xF3;s P&#xE9;rez.</subfield>
  </datafield>
  <datafield tag="260" ind1=" " ind2=" ">
    <subfield code="a">Barcelona : </subfield>
    <subfield code="b">Patronato de la Escuela Social de Barcelona, </subfield>
    <subfield code="c">1945 (</subfield>
    <subfield code="f">Gr&#xE1;f. Alfa)</subfield>
  </datafield>
  <datafield tag="300" ind1=" " ind2=" ">
    <subfield code="a">23 p. ; </subfield>
    <subfield code="c">24 cm.</subfield>
  </datafield>
  <datafield tag="490" ind1="1" ind2=" ">
    <subfield code="a">Serie A: discursos y conferencias ; </subfield>
    <subfield code="v">7</subfield>
  </datafield>
  <datafield tag="594" ind1=" " ind2=" ">
    <subfield code="a">Precede a t&#xED;t.: Ministero de Trabajo. Escuela Social de Barcelona.</subfield>
  </datafield>
  <datafield tag="650" ind1=" " ind2="4">
    <subfield code="a">Relaciones laborales-</subfield>
    <subfield code="x">Aspectos morales.</subfield>
    <subfield code="9">173571</subfield>
  </datafield>
  <datafield tag="710" ind1="2" ind2=" ">
    <subfield code="a">Escuela Social de Barcelona.</subfield>
    <subfield code="9">173570</subfield>
  </datafield>
  <datafield tag="830" ind1="1" ind2=" ">
    <subfield code="a">Serie A: discursos y conferencias ; </subfield>
    <subfield code="v">7</subfield>
    <subfield code="9">181043</subfield>
  </datafield>
  <datafield tag="852" ind1=" " ind2=" ">
    <subfield code="a">ES-MaACL</subfield>
    <subfield code="j">1866-F-16</subfield>
  </datafield>
  <datafield tag="999" ind1=" " ind2=" ">
    <subfield code="c">26476</subfield>
    <subfield code="d">26476</subfield>
  </datafield>
  <datafield tag="952" ind1=" " ind2=" ">
    <subfield code="0">0</subfield>
    <subfield code="1">0</subfield>
    <subfield code="4">0</subfield>
    <subfield code="7">0</subfield>
    <subfield code="8">Colecci&#xF3;n_de_folletos</subfield>
    <subfield code="a">ATENEOM</subfield>
    <subfield code="b">ATENEOM</subfield>
    <subfield code="c">DEPOF</subfield>
    <subfield code="d">2008-01-17</subfield>
    <subfield code="e">SC</subfield>
    <subfield code="l">0</subfield>
    <subfield code="o">1866-F-16</subfield>
    <subfield code="p">1027326</subfield>
    <subfield code="r">2023-02-23 00:00:00</subfield>
    <subfield code="w">2023-02-23</subfield>
    <subfield code="y">FOLLETOS</subfield>
  </datafield>
</record>
